guess the laufey song no hints #14 - Statistics

General Stats
  • This quiz has been taken 65 times
    28 since last reset
  • The average score is 131 of 187
Answer Stats
Answer % Correct
a
100%
I
100%
and
94%
you
94%
You
94%
like
89%
me
89%
The
89%
the
89%
to
89%
be
83%
is
83%
it
83%
my
83%
My
83%
Your
83%
your
83%
you're
83%
can
78%
for
78%
just
78%
Just
78%
see
78%
so
78%
When
78%
at
72%
boy
72%
had
72%
I'd
72%
I'm
72%
no
72%
of
72%
Of
72%
she
72%
should
72%
that
72%
That
72%
Are
67%
are
67%
black
67%
can't
67%
cat
67%
fine
67%
go
67%
I'll
67%
I've
67%
luck
67%
man
67%
not
67%
smart
67%
time
67%
Tough
67%
tough
67%
waiting
67%
won't
67%
actress
61%
as
61%
before
61%
beg
61%
better
61%
But
61%
cheat
61%
congratulate
61%
did
61%
Does
61%
doesn't
61%
dumb
61%
enough
61%
even
61%
fuck
61%
glad
61%
know
61%
lie
61%
make
61%
missed
61%
misunderstood
61%
mother
61%
nearly
61%
never
61%
nobody
61%
Oops
61%
out
61%
quite
61%
read
61%
said
61%
seem
61%
tattoos
61%
things
61%
'til
61%
tired
61%
truth
61%
understand
61%
up
61%
we're
61%
break
56%
convincing
56%
ego
56%
eyes
56%
feed
56%
first
56%
football
56%
grey
56%
mind
56%
music
56%
neighborhood
56%
reading
56%
silent
56%
tell
56%
that's
56%
thee
56%
think
56%
tragic
56%
TV
56%
accent
50%
frail
50%
hun
50%
opposing
50%
proof
50%
screaming
50%
secrets
50%
spilling
50%
teams
50%
turn
50%
Cussing
44%
demoralized
44%
loudmouthed
44%
says
44%
Since
44%
effaced
39%
No matching quizzes found
Score Distribution
Percent of People with Each Score
Percentile by Number Answered
Your Score History
You have not taken this quiz since the last reset